000 00786nam a2200229Ii 4500
003 JO-AjNU
008 230605s9999||||xx |||||||||||||| ||und||
017 _a2016/7/3047
020 _a978-9957-98-192-1
040 _aJO-AjNU
_bara
_erda
_cJO-AjNU
041 _aara
050 1 4 _aDP102.K35 2019
100 3 _aالكلاس، فايزة محمد,
_eauthor
_960774
245 0 0 _aتاريخ الاندلس منذ الفتح وحتى سقوط غرناطة
250 _aط1
264 3 1 _aعمان: دار الاعصار العلمي للنشر والتوزيع، 2019
300 _a446ص
336 _atext
_btxt
_2rdacontent
337 _aunmediated
_bn
_2rdamedia
338 _avolume
_bnc
_2rdacarrier
650 4 _aتاريخ الاندلس-التاريخ الاسلامي
_960775
999 _aA27427
_c30995
_d30995